000 01185nam2a22002531 4500
001 RU\NLR\INFOCOMM31\5000103378
005 20050208143041.2
035 _a(NLR Aleph) 002430031
090 _a1985011
_c1985011
100 _a20050208d1984 |||y0rusy50 ca
101 0 _arus
102 _aRU
105 _ay ||||000|y
200 1 _aСовершенствование организации лесозаготовительного производства в горных условиях
_fА.А. Гожев
210 _d1984
461 0 _1001RU\NLR\INFOCOMM31\5000102982
_12001#$aЭкономика и управление в лесной, целлюлозно-бумажной и деревообрабатывающей промышленности$v1984, Вып.4
_91983798
_cМ.
_d1979-
_tЭкономика и управление в лесной, целлюлозно-бумажной и деревообрабатывающей промышленности
_v1984, Вып.4
700 1 _aГожев
_bА. А.
_4070
801 0 _aRU
_bNLR
_gPSBO
801 1 _aRU
_bInfoComm
_c20050208
852 _aNLR
_jП22/4752
942 _cISSUE
980 _aNB
980 _aRUSPER